| 000 | 00650nam a2200217 4500 | ||
|---|---|---|---|
| 003 | OSt | ||
| 005 | 20230907125542.0 | ||
| 006 | k|||||r|||| 00| zz | ||
| 008 | 708 R549v | ||
| 040 | _cLado V | ||
| 082 |
_a708 _bF363a |
||
| 100 |
_91036 _aFernández Arriaga, Magdalena _eautor |
||
| 245 | _aAires/ | ||
| 260 |
_bSala Mendoza _c1998 |
||
| 300 |
_a28p. _c16x16cm |
||
| 650 |
_2Tesauro de Arte & Arquitectura _aARTE _9702 |
||
| 650 |
_2Tesauro de Arte & Arquitectura _aPINTURA _9702 |
||
| 650 |
_2Tesauro de Arte & Arquitectura _aVIDEO _9702 |
||
| 650 |
_2Tesauro de Arte & Arquitectura _aEXHIBICION |
||
| 942 |
_2ddc _c1 _h708 _iF363a _n0 |
||
| 999 |
_c4295 _d4295 |
||